Biología de los microorganismos (brock) /
Guardado en:
| Autor Principal: | |
|---|---|
| Otros Autores: | , , , , |
| Formato: | Libro |
| Publicado: |
España :
Pearson / Prentice Hall,
2004
|
| Edición: | 10a. ed. |
| Materias: | |
| Etiquetas: |
Agregar Etiqueta
Sin Etiquetas, Sea el primero en etiquetar este registro!
|
| LEADER | 01983nam a22004095a 4500 | ||
|---|---|---|---|
| 001 | CEM.cems017091 | ||
| 008 | 130507s2004##################000#0#####d | ||
| 005 | 20260518100914.0 | ||
| 245 | 1 | 0 | |a Biología de los microorganismos (brock) / |c Michael T. Madigan, John M. Martinko, Jack Parker; traducción Mariano Cacho Fernández ... [et Al.] ; revisión Técnica Carmina Rodriguez Fernández, Miguel Sánchez Pérez |
| 250 | |a 10a. ed. | ||
| 260 | |a España : |b Pearson / Prentice Hall, |c 2004 | ||
| 300 | |a 1011 p. | ||
| 500 | |a Cálculo de energía en bioenergética microbiana -- Manual de Bergey de bacteriología sistemática -- Glosario -- Índice analítico | ||
| 505 | 0 | |a Microorganísmos y microbiología -- Perspectiva general de la vida microbiana -- Macromoléculas -- Estructura y función celular -- Nutrición, cultivo y metabolismo microbiano -- Crecimiento microbiano -- Biología molecular microbiana -- Regulación de la expresión génica -- Virología básica -- Genética bacteriana... | |
| 020 | |a 0130662712 | ||
| 100 | 1 | |a Madigan, Michael T. | |
| 700 | 1 | |a Martinko, John M. | |
| 700 | 1 | |a Parker, Jack | |
| 700 | 1 | |a Fernández, Mariano Cacho, trad. | |
| 700 | 1 | |a Rodriguez Fernández, Carmina, rev. téc. | |
| 700 | 1 | |a Sánchez Pérez, Miguel, rev. téc. | |
| 082 | 0 | 4 | |a 576 |
| 653 | |a Evolución microbiana | ||
| 653 | |a Microbiología | ||
| 653 | |a Ecología microbiana | ||
| 653 | |a Inmunología molecular | ||
| 653 | |a Epidemiología | ||
| 653 | |a Microbiología industrial | ||
| 653 | |a Ingeniería genética | ||
| 653 | |a Biotecnología | ||
| 653 | |a Dbo | ||
| 653 | |a Demanda biológica de oxígeno | ||
| 653 | |a Demanda bioquímica de oxígeno | ||
| 859 | |a CEMS |b BIB. CEMS - Agricultura |h 576 |i M265a10 |p A0758.08 |t Ej.1 | ||
| 859 | |a CEMS |b BIB. CEMS - Agricultura |h 576 |i M265a10 |p A0759.08 |t Ej.2 | ||
| 859 | |a CEMS |b BIB. CEMS - Agricultura |h 576 |i M265a10 |p A0760.08 |t Ej.3 | ||
| 859 | |a CEMS |b BIB. CEMS - Agricultura |h 576 |i M265a10 |p A4172.26 |t Ej.4 | ||
